Конкурентоспособность работника как инструмент достижения непрерывного благополучия человека; Общество и непрерывное благополучие человека

Dades bibliogràfiques
Parent link:Общество и непрерывное благополучие человека.— 2014.— [С. 174-177]
Autor principal: Бойчук Е. И.
Autor corporatiu: Национальный исследовательский Томский политехнический университет (ТПУ) Институт социально-гуманитарных технологий (ИСГТ) Кафедра экономики (ЭКОН)
Altres autors: Селевич О. С. Ольга Семеновна
Sumari:Заглавие с экрана
В статье перечислены факторы, влияющих на конкурентоспособность работников. Детальный анализ этих факторов позволяет выработать управленческие решения, направленные на формирование достижения непрерывного благополучия, поддержание и развитие конкурентного потенциала работников в конкретных условиях функционирования предприятия.
Idioma:rus
Publicat: 2014
Col·lecció:Социально-психологические модели и технологии исследования непрерывного благополучия людей в современном обществе
Matèries:
Accés en línia:http://earchive.tpu.ru/handle/11683/21309
http://www.lib.tpu.ru/fulltext/c/2014/C55/042.pdf
Format: Electrònic Capítol de llibre
KOHA link:https://koha.lib.tpu.ru/cgi-bin/koha/opac-detail.pl?biblionumber=605370

MARC

LEADER 00000naa2a2200000 4500
001 605370
005 20260226161317.0
035 |a (RuTPU)RU\TPU\conf\2655 
035 |a RU\TPU\conf\2653 
090 |a 605370 
100 |a 20140410d2014 k y0rusy50 ca 
101 0 |a rus 
102 |a RU 
135 |a drcn ---uucaa 
181 0 |a i  
182 0 |a b 
200 1 |a Конкурентоспособность работника как инструмент достижения непрерывного благополучия человека  |f Е. И. Бойчук, О. С. Селевич 
203 |a Текст  |c электронный 
215 |a 1 файл(283 Кб) 
225 1 |a Социально-психологические модели и технологии исследования непрерывного благополучия людей в современном обществе 
300 |a Заглавие с экрана 
320 |a [Библиогр.: с. 177 (7 назв.)] 
330 |a В статье перечислены факторы, влияющих на конкурентоспособность работников. Детальный анализ этих факторов позволяет выработать управленческие решения, направленные на формирование достижения непрерывного благополучия, поддержание и развитие конкурентного потенциала работников в конкретных условиях функционирования предприятия. 
337 |a Adobe Reader 
463 1 |0 (RuTPU)RU\TPU\conf\2055  |t Общество и непрерывное благополучие человека  |o сборник научных трудов Международного научного симпозиума студентов и молодых ученых, г. Томск, 27-30 марта 2014 г.  |f Национальный исследовательский Томский политехнический университет (ТПУ) ; под ред. Г. А. Барышевой и др.  |v [С. 174-177]  |d 2014 
610 1 |a электронный ресурс 
610 1 |a труды учёных ТПУ 
610 1 |a конкурентоспособность 
610 1 |a непрерывное развитие 
610 1 |a благополучие 
610 1 |a человек 
700 1 |a Бойчук  |b Е. И. 
701 1 |a Селевич  |b О. С.  |c экономист  |c доцент Томского политехнического университета, кандидат экономических наук  |f 1977-  |g Ольга Семеновна  |3 (RuTPU)RU\TPU\pers\25441  |9 11383 
712 0 2 |a Национальный исследовательский Томский политехнический университет (ТПУ)  |b Институт социально-гуманитарных технологий (ИСГТ)  |b Кафедра экономики (ЭКОН)  |3 (RuTPU)RU\TPU\col\18375 
801 1 |a RU  |b 63413507  |c 20101016 
801 2 |a RU  |b 63413507  |c 20220407  |g RCR 
856 4 |u http://earchive.tpu.ru/handle/11683/21309 
856 4 |u http://www.lib.tpu.ru/fulltext/c/2014/C55/042.pdf 
942 |c CF